[Event "62nd ch-RUS HL w"]
[Site "Tyumen RUS"]
[Date "2012.06.24"]
[Round "8"]
[White "Ubiennykh,E"]
[Black "Girya,O"]
[Result "1-0"]
[WhiteElo "2336"]
[BlackElo "2414"]
[EventDate "2012.06.16"]

1. e4 c5 2. Nf3 Nc6 3. Nc3 e6 4. d4 cxd4 5. Nxd4 Qc7 6. Be3 Nf6 7. f4 Bb4
8. Ndb5 Qa5 9. e5 Nd5 10. Bd2 Nxc3 11. bxc3 Bc5 12. Bd3 a6 13. Nd4 d5 14.
Nb3 Qb6 15. Qg4 g6 16. a4 Na5 17. Ke2 Bd7 18. Nxa5 Qxa5 19. c4 Qc7 20. cxd5
exd5 21. Qh4 Bc6 22. Rhe1 d4 23. f5 O-O 24. Kd1 Rfe8 25. Bf4 Bd5 26. Rb1 b5
27. Re2 bxa4 28. e6 Bd6 29. Bxd6 Qxd6 30. Rb7 Reb8 31. exf7+ Bxf7 32. Re6
Qd8 33. Rbe7 Rb1+ 34. Ke2 Qd5 35. Kf2 Rf8 36. Qf6 Rbb8 37. Kg3 gxf5 38.
Bxf5 a3 39. Bxh7+ Kxh7 40. Qh6+ Kg8 41. Rg6+ 1-0

[Event "62nd ch-RUS HL w"]
[Site "Tyumen RUS"]
[Date "2012.06.24"]
[Round "8"]
[White "Shadrina,T"]
[Black "Pogonina,N"]
[Result "0-1"]
[WhiteElo "2359"]
[BlackElo "2447"]
[EventDate "2012.06.16"]

1. e4 e5 2. Nf3 Nc6 3. Bb5 a6 4. Ba4 Nf6 5. O-O b5 6. Bb3 Bb7 7. c3 Nxe4 8.
d4 exd4 9. Re1 d5 10. Ng5 Qd7 11. f3 h6 12. Nxf7 Qxf7 13. fxe4 O-O-O 14.
cxd4 Bb4 15. Nc3 Rhf8 16. Be3 Na5 17. e5 Nc4 18. Qe2 Nxe3 19. Qxe3 Qf4 20.
a3 Qxe3+ 21. Rxe3 Be7 22. Ne2 c5 23. dxc5 Kb8 24. Rf3 Bxc5+ 25. Kf1 Rfe8
26. Nf4 Bd4 27. Nd3 Bxe5 28. Nxe5 Rxe5 29. Re1 Rxe1+ 30. Kxe1 Kc7 31. Kd2
Rd7 32. Bc2 Kd6 33. g3 Re7 34. Rf4 Bc6 35. b4 Be8 36. h4 Rf7 37. Ke3 Rc7
38. Bd3 Rc3 39. Rg4 Bd7 40. Rg6+ Ke5 41. Kd2 Rxd3+ 0-1

[Event "62nd ch-RUS HL w"]
[Site "Tyumen RUS"]
[Date "2012.06.24"]
[Round "8"]
[White "Sukhareva,E"]
[Black "Vasilevich,I"]
[Result "0-1"]
[WhiteElo "2236"]
[BlackElo "2375"]
[EventDate "2012.06.16"]

1. d4 Nf6 2. c4 Nc6 3. a3 e5 4. d5 Ne7 5. Nc3 Ng6 6. g3 Bc5 7. Bg2 d6 8.
Nf3 a6 9. O-O O-O 10. b4 Ba7 11. Ne1 Qe7 12. Qb3 Rb8 13. Nc2 Kh8 14. a4 Ng4
15. a5 f5 16. b5 Bd4 17. bxa6 f4 18. Nxd4 exd4 19. a7 Ra8 20. Nb5 Qxe2 21.
Nxd4 Qe7 22. a6 Rxa7 23. axb7 Rxb7 24. Qc3 Bd7 25. Bd2 N4e5 26. Rfb1 Rxb1+
27. Rxb1 Qf6 28. Be1 Ng4 29. Rb7 N6e5 30. Rxc7 fxg3 31. fxg3 Nf2 32. Ne6
Bxe6 33. dxe6 Nfd3 34. e7 Re8 35. Qd2 h6 36. Be4 d5 37. cxd5 Qb6+ 38. Kg2
Nxe1+ 39. Kf1 Qxc7 40. d6 Qc4+ 41. Qe2 Qxe2+ 42. Kxe2 Nf7 0-1

[Event "62nd ch-RUS HL w"]
[Site "Tyumen RUS"]
[Date "2012.06.24"]
[Round "8"]
[White "Kovalevskaya,E"]
[Black "Iljushina,O"]
[Result "1-0"]
[WhiteElo "2417"]
[BlackElo "2354"]
[EventDate "2012.06.16"]

1. c4 c5 2. Nf3 Nc6 3. d4 cxd4 4. Nxd4 Nf6 5. Nc3 e6 6. a3 Bc5 7. Nb3 Be7
8. e4 O-O 9. Be3 b6 10. f4 Bb7 11. Bd3 g6 12. Qf3 Rc8 13. Rd1 Qc7 14. O-O
Rfd8 15. Qh3 d6 16. Nd4 Nxd4 17. Bxd4 d5 18. Nb5 Qb8 19. cxd5 exd5 20. e5
Ne4 21. f5 Bc6 22. fxg6 hxg6 23. Bxe4 Bxb5 24. Bxg6 fxg6 25. e6 1-0

[Event "62nd ch-RUS HL w"]
[Site "Tyumen RUS"]
[Date "2012.06.24"]
[Round "8"]
[White "Pustovoitova,D"]
[Black "Drozdova,D"]
[Result "1-0"]
[WhiteElo "2307"]
[BlackElo "2256"]
[EventDate "2012.06.16"]

1. e4 e6 2. d4 d5 3. e5 c5 4. c3 Ne7 5. Nf3 Nec6 6. Bd3 b6 7. a3 a5 8. Nbd2
Ba6 9. Nf1 Bxd3 10. Qxd3 Be7 11. Ng3 Nd7 12. h4 Qc7 13. Ng5 Bxg5 14. hxg5
g6 15. Rh6 a4 16. Bf4 Na5 17. Rd1 Nc4 18. Bc1 Rc8 19. Ke2 Na5 20. Be3 cxd4
21. Bxd4 Qc4 22. Qxc4 Nxc4 23. Rb1 Nc5 24. f4 Nb3 25. Bf2 Kd7 26. Kd3 Kc6
27. Ne2 Kb5 28. Kc2 Rc7 29. Rbh1 Rd8 30. Kb1 Ncd2+ 31. Ka2 Rdd7 32. Rxh7
Kc4 33. R1h3 d4 34. Bxd4 Nxd4 35. cxd4 Nb3 36. Rc3+ Kd5 37. Rxc7 Rxc7 38.
Nc3+ Kc4 39. Nxa4 Nc1+ 40. Kb1 Kxd4 41. Nc3 Ke3 42. Kxc1 Kxf4 43. Rh3 Kxe5
44. Rf3 1-0

[Event "62nd ch-RUS HL w"]
[Site "Tyumen RUS"]
[Date "2012.06.24"]
[Round "8"]
[White "Romanko,M"]
[Black "Butuc,M"]
[Result "1/2-1/2"]
[WhiteElo "2420"]
[BlackElo "2201"]
[EventDate "2012.06.16"]

1. d4 d5 2. c4 c6 3. Nc3 Nf6 4. e3 a6 5. Qc2 g6 6. b3 Bf5 7. Bd3 Bxd3 8.
Qxd3 Bg7 9. Nf3 O-O 10. O-O Nbd7 11. Bb2 b5 12. cxd5 cxd5 13. Ne5 Qc7 14.
Ne2 Rfc8 15. Rfc1 Qb7 16. Nxd7 Nxd7 17. Qd2 e6 18. Nf4 Rxc1+ 19. Rxc1 Rc8
20. Nd3 Bf8 21. Rxc8 Qxc8 22. Bc3 Bd6 23. f3 Qc7 24. h3 Qc6 25. Ba5 Kg7 26.
Qc3 Qxc3 27. Bxc3 Kf8 28. Kf2 f5 29. Bb4 Ke7 30. g4 fxg4 31. hxg4 Bxb4 32.
Nxb4 Nb8 33. g5 a5 34. Nd3 Nc6 35. a4 bxa4 36. bxa4 Kd6 37. f4 Ne7 38. Ke2
Nc8 39. Nc5 Ke7 40. Kd3 Nd6 41. Kc3 1/2-1/2

[Event "62nd ch-RUS HL w"]
[Site "Tyumen RUS"]
[Date "2012.06.24"]
[Round "8"]
[White "Kabanova,E"]
[Black "Cheremnova,T"]
[Result "0-1"]
[WhiteElo "2164"]
[BlackElo "2245"]
[EventDate "2012.06.16"]

1. e4 c6 2. d3 d5 3. Nd2 e5 4. Ngf3 Nd7 5. d4 Bd6 6. exd5 cxd5 7. dxe5 Nxe5
8. Bb5+ Bd7 9. Qe2 Qe7 10. Nxe5 Qxe5 11. Qxe5+ Bxe5 12. Bxd7+ Kxd7 13. Nf3
Bf6 14. c3 Ne7 15. g4 Nc6 16. Be3 Ne5 17. Nxe5+ Bxe5 18. O-O-O Kc6 19. Rd3
b5 20. Kc2 a5 21. Rhd1 Rad8 22. a4 bxa4 23. h3 Rd7 24. Bd4 f6 25. Re1 Bd6
26. Be3 Rb8 27. Rd4 Rdb7 28. Bc1 Bc5 29. Rf4 Rd8 30. Rd1 Re7 31. Rd2 Rde8
32. Rxa4 Kb5 33. Rxd5 Kxa4 34. Rxc5 Re2+ 35. Bd2 R8e5 36. b3+ Ka3 37. Rc4
Rxd2+ 38. Kxd2 Kxb3 39. Rc7 Rd5+ 40. Kc1 g5 41. c4 Rd4 42. c5 Kb4 43. c6
Kb5 44. Rxh7 Rc4+ 45. Kb2 Kxc6 46. f3 Rf4 47. h4 gxh4 48. Rxh4 Rxf3 49. Rh6
Kd5 50. Rg6 Ke5 51. g5 f5 52. Ra6 Kf4 53. g6 Rg3 54. Kc2 Ke3 55. Rxa5 Rg2+
56. Kd1 Rg1+ 57. Kc2 f4 58. Re5+ Kf2 59. Rf5 f3 60. Rf6 Ke2 61. Re6+ Kf1
62. Kd3 f2 63. Rf6 Ke1 64. Ke4 Rxg6 65. Rxg6 f1=Q 66. Rg3 Ke2 67. Re3+ Kd2
68. Rf3 Qg2 69. Kf4 Ke2 70. Re3+ Kf2 71. Re4 Qh2+ 72. Kg4 Qd6 73. Rf4+ Ke3
74. Rf3+ Ke4 75. Rg3 Qe6+ 76. Kg5 Qg8+ 77. Kh4 Qh8+ 78. Kg4 Qh6 79. Rg2
Qg6+ 80. Kh3 Qh5+ 81. Kg3 Ke3 0-1

[Event "62nd ch-RUS HL w"]
[Site "Tyumen RUS"]
[Date "2012.06.24"]
[Round "8"]
[White "Korchenkova,I"]
[Black "Gubernatorova,L"]
[Result "1-0"]
[WhiteElo "2088"]
[BlackElo "2243"]
[EventDate "2012.06.16"]

1. e4 e6 2. d4 d5 3. Nc3 Nf6 4. e5 Nfd7 5. f4 c5 6. Nf3 Nc6 7. Be3 Qa5 8.
Qd2 Rb8 9. Bd3 b5 10. dxc5 b4 11. Ne2 Nxc5 12. O-O Ba6 13. Ned4 Nxd4 14.
Nxd4 Bxd3 15. cxd3 Qa6 16. Rad1 g6 17. b3 Be7 18. Rf3 h5 19. Bf2 Kd7 20.
Rh3 Rhc8 21. Bh4 Qb6 22. Kh1 Bf8 23. Nf3 Nb7 24. Ng5 Nd8 25. Nh7 Bg7 26.
Bf6 Bxf6 27. Nxf6+ Kc7 28. Ne8+ Kd7 29. Nf6+ Kc6 30. d4 Rc7 31. Ne8 Rd7 32.
Nd6 Rxd6 33. exd6 Kxd6 34. Rc1 Nc6 35. f5 exf5 36. Qf4+ Kd7 37. Rc5 Ne7 38.
Re3 Qd6 39. Qh4 Re8 40. Qe1 f4 41. Re5 f6 42. Re2 g5 43. Qxb4 Rb8 44. Qa4+
Kd8 45. Qxa7 f3 46. gxf3 Rc8 47. Qa5+ Kd7 48. Rxe7+ 1-0

[Event "62nd ch-RUS HL w"]
[Site "Tyumen RUS"]
[Date "2012.06.24"]
[Round "8"]
[White "Sazonova,E"]
[Black "Adamova,T"]
[Result "1-0"]
[WhiteElo "2159"]
[BlackElo "1914"]
[EventDate "2012.06.16"]

1. e4 c5 2. Nf3 e6 3. d4 cxd4 4. Nxd4 Nf6 5. Nc3 d6 6. Be2 Be7 7. Be3 Nc6
8. f4 Bd7 9. Nb3 a6 10. a4 b6 11. O-O O-O 12. Kh1 Bc8 13. Bf3 Bb7 14. Qe1
Qc7 15. g4 Nd7 16. g5 Rfe8 17. Bg2 Nb4 18. Qd2 Rac8 19. Rac1 Bf8 20. Bg1 f5
21. gxf6 Nxf6 22. Qd4 d5 23. e5 Nd7 24. Qe3 Nc6 25. Qe2 Nc5 26. Nd4 g6 27.
Qg4 Bg7 28. h4 Nxd4 29. Bxd4 Qf7 30. b4 Nd7 31. Ne2 Bc6 32. Ra1 Qf5 33.
Qxf5 gxf5 34. Bf3 Kh8 35. Kg2 Rg8 36. Kf2 Bf8 37. c3 Be7 38. h5 h6 39. Ke3
Kh7 40. Kd2 Rb8 41. Bf2 Nf8 42. Nd4 Be8 43. Be2 Ra8 44. Bf3 Rc8 45. a5 b5
46. Rh1 Bf7 47. Rh2 Be8 48. Be2 Rb8 49. Bd3 Kh8 50. Re1 Rc8 51. Nc2 Nd7 52.
Bd4 Rg4 53. Rf1 Kg8 54. Ne3 Rg7 55. Rff2 Kf8 56. Nc2 Nb8 57. Be3 Nc6 58.
Na1 d4 59. cxd4 Bxb4+ 60. Ke2 Rd8 61. Nb3 Bc3 62. Nc5 Ke7 63. Nxa6 Nxd4+
64. Kf1 Bxa5 65. Rhg2 Rxg2 66. Rxg2 Bxh5 67. Rg7+ Kf8 68. Rh7 Bg6 69. Rh8+
Ke7 70. Rxd8 Kxd8 71. Bxd4 Bd2 72. Bxb5 Bxf4 73. Bb6+ Ke7 74. Bc5+ Kf7 75.
Bd6 Kg7 76. Nc7 Bf7 77. Bd7 Kg6 78. Nxe6 Bg3 79. Kg2 Bh4 80. Kf3 Bg8 81.
Nf4+ Kg7 82. e6 Bxe6 83. Bxe6 Kf6 84. Bd7 Be1 85. Nd5+ Kf7 86. Kf4 Bh4 87.
Kxf5 Bd8 88. Nc7 Bg5 89. Be8+ Kg8 90. Kg6 Kh8 91. Be5+ Kg8 92. Bg7 1-0

[Event "62nd ch-RUS HL w"]
[Site "Tyumen RUS"]
[Date "2012.06.24"]
[Round "8"]
[White "Korchagina,V"]
[Black "Dotdaeva,A"]
[Result "1-0"]
[WhiteElo "2098"]
[BlackElo "2139"]
[EventDate "2012.06.16"]

1. e4 c5 2. Nf3 a6 3. c4 Nc6 4. d4 cxd4 5. Nxd4 Nf6 6. Nc3 d6 7. Be2 g6 8.
O-O Bg7 9. Be3 O-O 10. Rc1 Bd7 11. h3 Rc8 12. Qd2 Nxd4 13. Bxd4 Bc6 14. Bf3
Nd7 15. Bxg7 Kxg7 16. b3 b5 17. cxb5 axb5 18. Be2 Qb6 19. Nd5 Bxd5 20. Qxd5
b4 21. Qd2 Rc5 22. Rxc5 Nxc5 23. Qd4+ e5 24. Qd5 Ne6 25. Bc4 Rd8 26. Rd1
Rd7 27. Qd2 Nd4 28. Kh1 Ra7 29. f4 Qb7 30. Bd5 Qb5 31. Bc4 Qc6 32. Re1 Qb6
33. f5 f6 34. fxg6 hxg6 35. Qf2 Ra8 36. Bd5 Rc8 37. Rf1 Qd8 38. Bc4 Qe7 39.
Qd2 Qb7 40. Bd5 Qb5 41. Bc4 Qb6 42. Qf2 Rf8 43. g4 Qc6 44. Bd5 Qc3 45. Kh2
Qc2 46. Qxc2 Nxc2 47. Rc1 Rc8 48. a3 Rc5 49. a4 f5 50. gxf5 gxf5 51. a5
fxe4 52. Bxe4 Nd4 53. Rxc5 dxc5 54. a6 Nb5 55. Kg3 Kf6 56. Kg4 Na7 57. h4
Nb5 58. h5 Na7 59. h6 Nc8 60. h7 Kg7 61. Kf3 Na7 62. Ke3 1-0

[Event "62nd ch-RUS HL w"]
[Site "Tyumen RUS"]
[Date "2012.06.25"]
[Round "9"]
[White "Ovod,E"]
[Black "Kovanova,B"]
[Result "1-0"]
[WhiteElo "2410"]
[BlackElo "2391"]
[EventDate "2012.06.16"]

1. d4 Nf6 2. c4 e6 3. Nc3 Bb4 4. e3 O-O 5. Bd3 c5 6. Nf3 d5 7. O-O Nc6 8.
a3 Bxc3 9. bxc3 Qc7 10. Bb2 dxc4 11. Bxc4 e5 12. h3 Bf5 13. Qe2 Rad8 14.
Ba2 Rfe8 15. d5 e4 16. Nh4 Ne7 17. c4 Qd6 18. f4 exf3 19. Rxf3 Be4 20. Rf4
Ng6 21. Nxg6 hxg6 22. Raf1 Bf5 23. g4 Be4 24. Qf2 Re5 25. Bxe5 Qxe5 26. Bb1
b5 27. cxb5 g5 28. Rxe4 Nxe4 29. Qxf7+ Kh8 30. Qh5+ Kg8 31. Bxe4 Qxe4 32.
Qxg5 Rxd5 33. Qf4 Qd3 34. g5 c4 35. e4 Qd4+ 36. Kh2 Rxb5 37. Qf7+ Kh7 38.
Qh5+ 1-0

[Event "62nd ch-RUS HL w"]
[Site "Tyumen RUS"]
[Date "2012.06.25"]
[Round "9"]
[White "Pogonina,N"]
[Black "Girya,O"]
[Result "1-0"]
[WhiteElo "2447"]
[BlackElo "2414"]
[EventDate "2012.06.16"]

1. e4 c5 2. Nf3 Nc6 3. d4 cxd4 4. Nxd4 e5 5. Nb5 d6 6. N1c3 a6 7. Na3 b5 8.
Nd5 Nce7 9. Bg5 f6 10. Be3 Nxd5 11. Qxd5 Rb8 12. c4 f5 13. exf5 Nf6 14.
Qc6+ Bd7 15. Qxa6 d5 16. c5 d4 17. Bd2 Bxc5 18. Bxb5 Bxb5 19. Nxb5 O-O 20.
O-O Qd7 21. a4 Ne4 22. Rad1 Rb6 23. Qa5 Qxf5 24. Be1 d3 25. Nc3 Rg6 26.
Nxe4 Rxg2+ 27. Kxg2 Qxe4+ 28. Kg1 Qg4+ 29. Kh1 Qf3+ 30. Kg1 Rf4 31. Qd8+
Bf8 32. h3 Qxd1 33. Qd5+ Rf7 34. Bb4 Qf3 35. Qxf3 Rxf3 36. Bxf8 Rxf8 37.
Ra1 e4 38. a5 d2 39. Rd1 Rc8 40. Rxd2 Rc4 41. b3 Rc1+ 42. Kg2 Rb1 43. a6
Ra1 44. Rd8+ Kf7 45. Ra8 Ra2 46. Kf1 Ra1+ 47. Ke2 Ra2+ 48. Kd1 g5 49. a7
Kg7 50. b4 h5 51. b5 g4 52. hxg4 h4 53. b6 h3 54. b7 h2 55. Rg8+ Kh7 56.
Rh8+ Kxh8 57. b8=Q+ 1-0

[Event "62nd ch-RUS HL w"]
[Site "Tyumen RUS"]
[Date "2012.06.25"]
[Round "9"]
[White "Vasilevich,I"]
[Black "Ubiennykh,E"]
[Result "1/2-1/2"]
[WhiteElo "2375"]
[BlackElo "2336"]
[EventDate "2012.06.16"]

1. b3 e5 2. Bb2 Nc6 3. c4 g6 4. g3 Bg7 5. Bg2 d6 6. Nc3 Bg4 7. h3 Be6 8. e3
Nge7 9. Nge2 Qd7 10. a3 d5 11. cxd5 Nxd5 12. Ne4 Qe7 13. Rc1 Rd8 14. O-O
O-O 15. b4 a5 16. b5 Na7 17. Nc5 Bc8 18. Qb3 b6 19. Bxd5 bxc5 20. a4 c6 21.
bxc6 Bxh3 22. Ba3 Bxf1 23. Kxf1 Rb8 24. Bxc5 Qc7 25. Qc4 Nc8 26. Nc3 Nb6
27. Bxb6 Rxb6 28. Nb5 Qc8 29. Qc5 Ra6 30. c7 Rf6 31. Nd6 Qa6+ 32. Nb5 Qc8
33. Kg1 Qf5 34. e4 Qf3 35. c8=Q Rxc8 36. Qxc8+ Bf8 37. Rf1 g5 38. Qh3 g4
39. Qg2 Qd3 40. Rc1 Qxd2 41. Qf1 Bh6 42. Rc8+ Kg7 43. Rc7 Bg5 44. Na3 h5
45. Nc4 Qd4 46. Qe2 h4 47. gxh4 Bxh4 48. Rxf7+ Rxf7 49. Qxg4+ Kf8 50. Qxh4
Rg7+ 51. Kh2 Rh7 1/2-1/2

[Event "62nd ch-RUS HL w"]
[Site "Tyumen RUS"]
[Date "2012.06.25"]
[Round "9"]
[White "Bodnaruk,A"]
[Black "Kovalevskaya,E"]
[Result "1-0"]
[WhiteElo "2394"]
[BlackElo "2417"]
[EventDate "2012.06.16"]

1. e4 c5 2. Nf3 Nc6 3. d4 cxd4 4. Nxd4 Nf6 5. Nc3 d6 6. Bg5 Bd7 7. Qd2 Rc8
8. f4 Nxd4 9. Qxd4 Qa5 10. e5 dxe5 11. fxe5 e6 12. O-O-O Bc6 13. Nb5 Bxb5
14. exf6 Bc6 15. h4 g6 16. Bc4 Bc5 17. Qe5 Bb4 18. Qe2 O-O 19. Bh6 Rfd8 20.
Qxe6 Qc7 21. Rxd8+ Rxd8 22. Qg4 Qd7 23. Qxd7 Rxd7 24. c3 Bf8 25. Bxf8 Kxf8
26. Rd1 Rxd1+ 27. Kxd1 Bxg2 28. Kd2 Bh3 29. Bd5 b6 30. Bc6 h6 31. Ke3 g5
32. h5 Bg4 33. b4 Bxh5 34. Bd7 Bd1 35. c4 h5 36. c5 bxc5 37. bxc5 g4 38.
Kf4 Be2 39. a4 Bd1 40. Bb5 a6 41. c6 g3 42. Kxg3 axb5 43. a5 h4+ 44. Kf4
1-0

[Event "62nd ch-RUS HL w"]
[Site "Tyumen RUS"]
[Date "2012.06.25"]
[Round "9"]
[White "Severiukhina,Z"]
[Black "Shadrina,T"]
[Result "1/2-1/2"]
[WhiteElo "2337"]
[BlackElo "2359"]
[EventDate "2012.06.16"]

1. e4 c5 2. Nf3 d6 3. d4 cxd4 4. Nxd4 Nf6 5. Nc3 a6 6. Bg5 e6 7. f4 Qb6 8.
Qd2 Qxb2 9. Rb1 Qa3 10. f5 Nc6 11. Nxc6 bxc6 12. Bxf6 gxf6 13. Be2 Bh6 14.
Qd4 Bf4 15. Qc4 O-O 16. Rf1 Be5 17. Rf3 Qa5 18. Kf1 Ra7 19. Nd1 Re8 20. Ne3
Rb7 21. Rxb7 Bxb7 22. Ng4 Kf8 23. Rh3 exf5 24. Rxh7 d5 25. Nh6 Ke7 26. Qb3
Bc8 27. Rxf7+ Kd8 28. Rg7 Re7 29. Rg8+ Kc7 30. Nxf5 Rh7 31. h4 Qc3 32.
Rxc8+ Kxc8 33. Bxa6+ Kd8 34. Qxc3 Bxc3 35. exd5 cxd5 36. a4 Kd7 37. Ke2 Ke6
38. g4 Ke5 39. Kf3 Be1 40. h5 Bd2 41. Bb5 Rc7 42. Bd3 Ke6 43. h6 Ke5 44.
Ne3 f5 45. Nxf5 Rh7 46. a5 Bxh6 47. Nxh6 Rxh6 48. g5 Rh4 49. g6 Kf6 50. a6
Ra4 51. Ke3 Ke6 52. Kd2 Rb4 53. Kc3 Rb8 54. Kd4 Rc8 55. Ke3 Rc7 56. Kf4 Kf6
57. Kg4 Ra7 58. Kf4 Rg7 59. Ke3 Ke5 60. Kd2 Kd4 61. c3+ Ke5 62. Kc2 Kd6 63.
Kb3 Kc5 64. Ka4 Kb6 65. Kb4 Rc7 66. Bb5 Rg7 67. Be8 Re7 68. Bf7 Re4+ 69.
Kb3 Rg4 70. Bxd5 Rxg6 71. Bb7 1/2-1/2

[Event "62nd ch-RUS HL w"]
[Site "Tyumen RUS"]
[Date "2012.06.25"]
[Round "9"]
[White "Schepetkova,M"]
[Black "Korchenkova,I"]
[Result "1-0"]
[WhiteElo "2181"]
[BlackElo "2088"]
[EventDate "2012.06.16"]

1. d4 Nf6 2. c4 e6 3. Nc3 Bb4 4. Qc2 c5 5. dxc5 Na6 6. c6 bxc6 7. Nf3 Nc5
8. Bd2 O-O 9. e3 Ba6 10. Be2 d5 11. cxd5 cxd5 12. Bxa6 Nxa6 13. O-O Rc8 14.
a3 Bxc3 15. Bxc3 Ne4 16. Qe2 Nac5 17. Bb4 a5 18. Bxc5 Rxc5 19. Rfc1 Qc7 20.
Qe1 Rc8 21. Rxc5 Qxc5 22. b4 axb4 23. axb4 Qb6 24. h3 g6 25. Ra2 Rc3 26.
Qa1 Qxb4 27. Ra8+ Kg7 28. Ra7 Qc5 29. Ra5 Qc4 30. Ra7 d4 31. Rxf7+ Kxf7 32.
Ne5+ Kf6 33. Nxc4 Rxc4 34. exd4 Nc3 35. Qa7 h5 36. Kh2 Nd5 37. h4 Rc2 38.
Qb8 Kf7 39. Qg3 Ne7 40. f3 Nd5 41. Qg5 Re2 42. Qh6 Ne3 43. Qh7+ Kf6 44. Qg8
Rxg2+ 45. Kh1 Ke7 46. Qg7+ Ke8 47. Qe5 Re2 48. Qb5+ 1-0

[Event "62nd ch-RUS HL w"]
[Site "Tyumen RUS"]
[Date "2012.06.25"]
[Round "9"]
[White "Cheremnova,T"]
[Black "Zaiatz,E"]
[Result "0-1"]
[WhiteElo "2245"]
[BlackElo "2446"]
[EventDate "2012.06.16"]

1. d4 Nf6 2. c4 e6 3. Nf3 d5 4. Nc3 dxc4 5. e3 a6 6. a4 c5 7. Bxc4 Nc6 8.
O-O cxd4 9. exd4 Be7 10. Bg5 O-O 11. Re1 Nb4 12. Rc1 Nbd5 13. Ne5 Ne8 14.
Bxe7 Nxe7 15. d5 exd5 16. Nxd5 Nxd5 17. Bxd5 Nd6 18. Qh5 Qf6 19. Rc7 Be6
20. Nd7 Bxd7 21. Rxd7 Rad8 22. Rxd8 Rxd8 23. b3 g6 24. Qf3 Qxf3 25. Bxf3
Kf8 26. g3 Rc8 27. Re3 Rc1+ 28. Kg2 b5 29. axb5 axb5 30. h4 h5 31. Bd5 Rc2
32. Bf3 Rb2 33. Bd1 Rd2 34. Bf3 b4 35. Bc6 Nf5 36. Re8+ Kg7 37. Re4 Rd6 38.
Bb5 Rb6 39. Be2 Kf6 40. Kf3 Nd6 41. Rd4 Ke5 42. Rd1 Rc6 43. Ke3 Nf5+ 44.
Kd2 Rc3 45. Ke1 Nd4 46. Bc4 f5 47. Bf7 Nxb3 48. Bxg6 Nc5 49. Rb1 b3 50.
Bxh5 Rc2 51. Be2 Kd4 52. h5 b2 53. Rd1+ Kc3 54. h6 Rc1 55. h7 Nd3+ 56. Bxd3
Rxd1+ 57. Ke2 Rd2+ 58. Kf1 Kxd3 0-1

[Event "62nd ch-RUS HL w"]
[Site "Tyumen RUS"]
[Date "2012.06.25"]
[Round "9"]
[White "Sazonova,A"]
[Black "Sukhareva,E"]
[Result "0-1"]
[WhiteElo "1963"]
[BlackElo "2236"]
[EventDate "2012.06.16"]

1. e4 c5 2. Nf3 d6 3. d4 cxd4 4. Nxd4 Nf6 5. Nc3 a6 6. Be2 e6 7. O-O Qc7 8.
Be3 Be7 9. f4 O-O 10. Kh1 Nc6 11. a4 Re8 12. Bf3 Na5 13. g4 Nc4 14. Bc1 Bf8
15. g5 Nd7 16. Bg2 b6 17. Qh5 g6 18. Qh4 Bg7 19. Nde2 Bb7 20. Qg3 Rac8 21.
h4 f5 22. Rb1 fxe4 23. Nxe4 d5 24. Nf2 Nd6 25. c3 Nf5 26. Qh3 Qc4 27. Ng3
Qxa4 28. Nxf5 exf5 29. Nd3 Nc5 30. Nxc5 bxc5 31. Qd3 Qb3 32. Ra1 d4 33. Ra3
Bxg2+ 34. Kxg2 Qb7+ 35. Qf3 Re4 36. cxd4 cxd4 37. Qb3+ Qxb3 38. Rxb3 Re2+
39. Kf3 Rec2 0-1

[Event "62nd ch-RUS HL w"]
[Site "Tyumen RUS"]
[Date "2012.06.25"]
[Round "9"]
[White "Drozdova,D"]
[Black "Romanko,M"]
[Result "1-0"]
[WhiteElo "2256"]
[BlackElo "2420"]
[EventDate "2012.06.16"]

1. d4 d5 2. c4 c6 3. Nc3 Nf6 4. e3 e6 5. Bd2 Nbd7 6. Rc1 Bd6 7. cxd5 exd5
8. Bd3 O-O 9. Nge2 Re8 10. f3 Nh5 11. g3 g6 12. O-O Bf8 13. Qe1 Nb6 14. Qf2
Nc4 15. Bxc4 dxc4 16. e4 b5 17. g4 Ng7 18. Bh6 Kh8 19. Kh1 a6 20. Rg1 Rb8
21. h4 Rb7 22. Rg2 Be7 23. Bxg7+ Kxg7 24. g5 Rh8 25. Rh2 h6 26. gxh6+ Rxh6
27. h5 Qh8 28. Ng3 gxh5 29. d5 Kf8 30. dxc6 Rxc6 31. Nd5 Bc5 32. Qe2 h4 33.
Nf5 Bxf5 34. exf5 Rd7 35. Re1 Rd8 36. Qe4 Rh6 37. f6 Rxf6 38. Nxf6 Qxf6 39.
Rf1 Rd4 40. Qb7 Rf4 41. Qc8+ 1-0

[Event "62nd ch-RUS HL w"]
[Site "Tyumen RUS"]
[Date "2012.06.25"]
[Round "9"]
[White "Iljushina,O"]
[Black "Butuc,M"]
[Result "1-0"]
[WhiteElo "2354"]
[BlackElo "2201"]
[EventDate "2012.06.16"]

1. d4 d5 2. c4 c6 3. Nf3 Nf6 4. Nc3 a6 5. c5 g6 6. Bf4 Bg7 7. e3 Bf5 8. Qb3
Ra7 9. Be2 Nbd7 10. O-O h6 11. Na4 g5 12. Bg3 Ne4 13. Rad1 Qa5 14. Nb6
Ndxc5 15. dxc5 Nxc5 16. Nxd5 cxd5 17. Qxd5 Be6 18. b4 Bxd5 19. bxa5 Bc6 20.
Ne5 O-O 21. Nxc6 bxc6 22. Rc1 Ne4 23. Rxc6 Nxg3 24. hxg3 Rb8 25. Rfc1 Bf6
26. Rxa6 Rxa6 27. Bxa6 Ra8 28. Rc8+ Rxc8 29. Bxc8 Be5 30. Kf1 Kf8 31. Ke2
Ke8 32. Kd3 Kd8 33. Bg4 Bc7 34. a6 Bb6 35. Kc4 e6 36. Bh5 f6 37. Bf7 Kd7
38. Kb5 Ba7 39. Bxe6+ Kd6 40. Bg4 Kc7 41. Bf3 Kd6 42. Bb7 Kc7 43. Kc4 Kd6
44. Kd3 Ke5 45. Ke2 Bb6 46. Kf3 h5 47. Bc6 f5 48. Be8 h4 49. gxh4 gxh4 50.
Bd7 Ba7 51. Ke2 f4 52. exf4+ Kxf4 53. Bh3 Bb6 54. f3 Ba7 55. Kd3 Ke5 56.
Kc4 Kd6 57. f4 1-0

[Event "62nd ch-RUS HL w"]
[Site "Tyumen RUS"]
[Date "2012.06.25"]
[Round "9"]
[White "Ivakhinova,I"]
[Black "Sazonova,E"]
[Result "1-0"]
[WhiteElo "2306"]
[BlackElo "2159"]
[EventDate "2012.06.16"]

1. d4 Nf6 2. c4 g6 3. Nc3 d5 4. Nf3 Bg7 5. Bf4 O-O 6. e3 c5 7. dxc5 Qa5 8.
Rc1 Rd8 9. Qa4 Qxc5 10. b4 Qc6 11. Qb3 Be6 12. Nd4 Qd7 13. Nxe6 fxe6 14.
Rd1 Kh8 15. Be2 Nc6 16. O-O Rac8 17. Qa3 e5 18. Bg3 d4 19. b5 Qd6 20. c5
Qc7 21. bxc6 dxc3 22. cxb7 Qxb7 23. Ba6 Qc7 24. Bxc8 Rxc8 25. Qxc3 Ne4 26.
Qc4 Nxc5 27. Rc1 Bf6 28. Rc2 Qb6 29. Rfc1 Rc7 30. Qd5 e6 31. Qf3 Kg7 32. e4
Rb7 33. h3 Nd7 34. Rc6 Qa5 35. Qe2 Bg5 36. Rd1 Nf8 37. Qa6 Rb5 38. a4 Rc5
39. Qb7+ Kg8 40. Ra6 Rc7 41. Rxa5 Rxb7 42. Bxe5 1-0

[Event "62nd ch-RUS HL w"]
[Site "Tyumen RUS"]
[Date "2012.06.25"]
[Round "9"]
[White "Gubernatorova,L"]
[Black "Dotdaeva,A"]
[Result "1-0"]
[WhiteElo "2243"]
[BlackElo "2139"]
[EventDate "2012.06.16"]

1. d4 f5 2. e4 fxe4 3. Nc3 Nf6 4. Bg5 e6 5. Nxe4 Be7 6. Bxf6 Bxf6 7. Nf3
O-O 8. Bd3 d5 9. Nxf6+ Qxf6 10. c3 c5 11. Qc2 g6 12. O-O Nc6 13. dxc5 e5
14. Be2 e4 15. Nd4 Nxd4 16. cxd4 Qxd4 17. Rad1 Qe5 18. Rxd5 Qxd5 19. Bc4
Be6 20. Bxd5 Bxd5 21. Rd1 Rf5 22. h3 Bc6 23. b4 Raf8 24. b5 Be8 25. c6 Bf7
26. cxb7 Rxb5 27. Rb1 Rxb1+ 28. Qxb1 Rb8 29. Qxe4 Bxa2 30. Qc6 1-0

[Event "62nd ch-RUS HL w"]
[Site "Tyumen RUS"]
[Date "2012.06.25"]
[Round "9"]
[White "Likhovid,E"]
[Black "Manina,K"]
[Result "1/2-1/2"]
[WhiteElo "2030"]
[BlackElo "1987"]
[EventDate "2012.06.16"]

1. c4 g6 2. Nc3 Bg7 3. e4 c5 4. g3 Nc6 5. Bg2 d6 6. d3 e6 7. Nge2 Nge7 8.
O-O O-O 9. Be3 Nd4 10. h3 Nec6 11. Kh2 Rb8 12. Rb1 a6 13. a4 Bd7 14. f4
Nxe2 15. Nxe2 Nd4 16. Nxd4 cxd4 17. Bd2 Re8 18. b4 b6 19. a5 b5 20. cxb5
Bxb5 21. Qb3 Qd7 22. g4 Rbc8 23. Rbc1 Rxc1 24. Rxc1 Rc8 25. Rxc8+ Qxc8 26.
Bf3 Kf8 27. Kg3 Qc7 28. Kf2 Ke8 29. Bd1 Bh6 30. g5 Bg7 31. Bg4 Qc6 32. Bf3
Ba4 33. Qc4 Bb5 34. Qb3 Ba4 35. Qc4 Bb5 36. Qb3 Ba4 37. Qc4 Bb5 1/2-1/2

[Event "62nd ch-RUS HL w"]
[Site "Tyumen RUS"]
[Date "2012.06.26"]
[Round "10"]
[White "Pogonina,N"]
[Black "Ovod,E"]
[Result "1/2-1/2"]
[WhiteElo "2447"]
[BlackElo "2410"]
[EventDate "2012.06.16"]

1. e4 e5 2. Nf3 Nc6 3. Bb5 a6 4. Ba4 Nf6 5. O-O Be7 6. Re1 d6 7. Bxc6+ bxc6
8. d4 exd4 9. Nxd4 Bd7 10. Nc3 O-O 11. h3 Re8 12. Bf4 c5 13. Nf3 Bc6 14. e5
dxe5 15. Nxe5 Bb7 16. Ng4 Nxg4 17. Qxg4 Bd6 18. Bg5 Qc8 19. Rad1 Qxg4 20.
hxg4 f6 21. Be3 Kf7 22. f3 Bc6 23. Bf2 a5 24. Rxe8 Kxe8 25. Ne4 Bxe4 26.
Re1 Kd7 27. Rxe4 a4 28. Kf1 Kc6 29. Ke2 Be5 30. Rc4 Bxb2 31. Rxc5+ Kd7 32.
Rb5 Be5 33. Kd3 Ke6 34. c3 g6 35. Bd4 Bd6 36. c4 f5 37. Rb1 fxg4 38. fxg4
Rf8 39. Re1+ Kd7 40. Rh1 Rf7 41. c5 Bf8 42. Kc4 Rf4 43. Rxh7+ Kc6 44. Kc3
Rxg4 45. Rf7 Bxc5 46. Bxc5 Kxc5 47. Rxc7+ Kd6 48. Rc4 Rg3+ 49. Kb4 Rxg2 50.
a3 g5 51. Kxa4 g4 52. Ka5 Kd5 53. Rc8 Ra2 54. a4 g3 55. Rg8 g2 56. Kb6 Rb2+
57. Ka6 Ke4 58. a5 Kf3 59. Ka7 Rb4 60. a6 Rg4 61. Rxg4 Kxg4 62. Kb8 g1=Q
63. a7 Qb6+ 64. Ka8 1/2-1/2